Marta Györiová: Cieľom Ester je odstrániť nepravdivé mýty o židovstve Spomenú si na 60. výročie prvého transportu žien do koncentračných táborov

Bibliographic Details
Main Author: Hriadelová, Miloslava (Author)
Corporate Author: Ester (zduženie židovských žien : Košice, Slovensko) (Author)
Format: Article
Language:Slovak
PhysicalDescription:1 foto
ISSN:1335-4566
Subjects:

MARC

LEADER 00000nab a2200000 a 4500
001 vtls000929080
003 SK-MaSNL
005 20260303033057.0
008 040720e20020321xo 0 slo
035 |a KE37957 
040 |a KEVKJB  |b slo  |c KEVKJB  |e AACR2 
041 0 |a slo 
044 |a xo  |c SK 
080 |a 061.23  |2 1981 
080 |a 396(=924)  |2 1981 
100 1 |a Hriadelová, Miloslava  |4 aut  |9 348764 
245 1 0 |a Marta Györiová: Cieľom Ester je odstrániť nepravdivé mýty o židovstve  |b Spomenú si na 60. výročie prvého transportu žien do koncentračných táborov 
300 |b 1 foto 
610 2 7 |a Ester (zduženie židovských žien : Košice, Slovensko)  |2 KEVKJB  |9 878383 
650 0 7 |a združenia občianske  |2 KEVKJB  |9 866620 
650 0 7 |a Židia  |2 KEVKJB  |9 3760 
650 0 7 |a transporty žien  |2 KEVKJB  |9 1016325 
650 0 7 |a spomienkové podujatia  |2 KEVKJB  |9 120764 
650 0 7 |a informácie  |2 KEVKJB  |9 1285 
651 7 |a Košice (Slovensko)  |2 KEVKJB  |9 18694 
651 7 |a Prešov (Slovensko)  |2 KEVKJB  |9 17347 
651 7 |a KE,  |2 KEVKJB  |9 877256 
655 7 |a periodikum  |2 snkbucl  |9 29553 
710 2 |a Ester (zduženie židovských žien : Košice, Slovensko)  |4 aut  |9 878383 
773 0 8 |t Košický denník Korzár  |g Roč. 5, č.68, 21.3.2002, s. 3  |x 1335-4566 
852 |a ZVYKNI  |b KIS3GCP 
999 |c 1668525  |d 1670455